| 000 | 00628nam a22001937a 4500 | ||
|---|---|---|---|
| 999 |
_c20286 _d20286 |
||
| 003 | AR-CdUCM | ||
| 008 | 190320b ||||| |||| 00| 0 spa d | ||
| 040 |
_aMUNICIPALIDAD PROVINCIAL DEL CUSCO _cBIBLIOTECA MUNICIPAL DEL CUSCO |
||
| 082 |
_a610.985 / _bL27 |
||
| 100 |
_aLastre, Juan B. _921283 |
||
| 245 |
_aHistoria de la medicina peruana : _bLa medicina en la república / |
||
| 260 |
_aLima : _bSanta María, _c1951. |
||
| 300 |
_a387 paginas ; _c23 cm. |
||
| 505 | _aContenido: La medicina en la república. | ||
| 650 |
_aMedicina _93637 |
||
| 650 |
_aHistoria _943941 |
||
| 942 |
_2ddc _cLIBROS |
||
| 945 |
_adavv _d2019-05-28 |
||